| 000 | 00531nam a2200193Ia 4500 | ||
|---|---|---|---|
| 005 | 20250326141357.0 | ||
| 008 | 250326s9999 xx 000 0 und d | ||
| 037 | _aTextbook | ||
| 040 |
_aFMSL _beng _cFMSL |
||
| 041 |
_aeng _2eng |
||
| 084 |
_aB280bX n1 _qFMSL |
||
| 100 | _aNewbold Paul | ||
| 245 | 0 |
_aStatistics for business and economics _cNewbold Paul |
|
| 250 | _a3 | ||
| 260 |
_aNew Jersey _bNew Jersey, Englewood cliffs _c1991 |
||
| 300 | _a930p | ||
| 942 |
_cTB _hB280bX n1 |
||
| 999 |
_c1290021 _d1290021 |
||